1302 1129 1841 1463 1753 1534 1213 1982 1749 1824 1867 1922 1960 1252 1026 1873 1699 1140 1103 1905 1826 1082 1276 1888 1696 1467 1384 1933 1904 1700 1726 1257 1575 1964 1001 1534 1307 1866 1681 1608 1464 1939 1463 1192 1055 1296 1466 1205 1953 1719 1036 1781 1869 1927 1400 1926 1609 1713 1735 1438 1799 1573 1288 1305 1947 1195 1276 1328 1623 1695 1789 1887 1484 1469 1506 1010 1641 1568 1361 1170 1898 1291 1341 1319 1874 1987 1635 1059 1473 1338 1435 1283 1932 1005 1725 1600 1540 1796 1511 BCNSPRNW ULIB Ver.6.0+V

เปลี่ยนเป็นภาษาไทย

Change to English
 แสดงรายละเอียดบรรณานุกรม
  กลับหน้าหลัก

Brief Record : Get Marc (ISO 2709) : E-mail record : QR code < ปิดหน้าต่าง
LEADER : 00000nam 2200000uu 4500
001    13399114930
003     ULIB
008    020711s2552 th a 000 0 tha d
099    ^aวจ.WM105^bภ19ภ
100    ^aถนอมศรี คูอาริยะกุล
110    ^aวิทยาลัยพยาบาลบรมราชชนนี อุตรดิตถ์
245    ^aภาวะสุขภาพจิตของนิสิตพยาบาล วิทยาลัยพยาบาลบรมราชชนนี อุตรดิตถ์/^cถนอมศรี คูอาริยะกุล,วิไลวรรณ บุญเรือง และ ดวงดาว เทพทองคำ
260    ^aอุตรดิตถ์ :^bวิทยาลัยพยาบาลบรมราชชนนี อุตรดิตถ์,^c2545
300    ^a63 หน้า
650    สุขภาพจิต^xนักศึกษา^xวิจัย
700 0  วิไลวรรณ บุญเรือง
700 0  ดวงดาว เทพทองคำ
710 1  วิทยาลัยพยาบาลบรมราชชนนี อุตรดิตถ์
945    ^p0^l0^i015232
995    ทศพร
999 ^a ทศพร
รายการนี้ยังไม่มีแท็ก
คุณยังไม่ได้ล็อกอิน คุณสามารถมีกิจกรรมร่วมกับเว็บไซต์ได้ แต่ต้องล็อกอินก่อน ::
  ล็อกอิน

รายการสื่อสารสนเทศ

ลำดับที่ ประเภท เลขเรียก/บาร์โค้ด สถานที่ สถานะ
1. งานวิจัย
งานวิจัย
วจ.WM105 ภ19ภ  
  Barcode: 015232
ห้องสมุดวิทยาเขตสวรรค์ประชารักษ์
►วิจัย
บนชั้น

BibComment


ยังไม่เคยถูกคอมเมนท์

คอมเมนท์ทรัพยากรรายการนี้
  คอมเมนท์: ภาวะสุขภาพจิตของ..


 Copyright 2026. Bcnsprnw @Library